Everyone in Team Avatar (Avatar The Last Airbender) - Statistics

General Stats
  • This quiz has been taken 216 times
  • The average score is 6 of 6
Answer Stats
Episode Purpose \ Bender Name % Correct
S1 Ep 1 The boy in the iceberg Avatar Aang
100%
S1 Ep 1 The boy in the iceberg Waterbender Katara
98%
S2 Ep 7 Zuko Alone Earthbender \ Metalbender Toph
98%
S3 Ep 12 The Western air temple Firebender Zuko
98%
S1 Ep 1 The boy in the iceberg Transportation Appa
97%
S1 Ep 2 The Avatar returns Jokester Sokka
96%
No matching quizzes found
Score Distribution
Percent of People with Each Score
Percentile by Number Answered
Your Score History
You have not taken this quiz